Simulation-based optimization: parametric optimization techniques and reinforcement learning

Shranjeno v:
Bibliografske podrobnosti
Glavni avtor: Gosavi, Abhijit (Author)
Format: Knjiga
Jezik:angleščina
Izdano: Norwell Kluwer Academic 2003
Serija:Operations Research, Computer Science, Interfaces Series
Teme:
Oznake: Označite
Brez oznak, prvi označite!

MARC

LEADER 00000nam a2200000 a 4500
001 UCL4849
003 CL-VaPUC
008 040227e20030000US |||||||||||||||||eng|d
020 |a 1402074549 
082 0 4 |a 003.3  |b GOS  |2 21 
100 0 |a Gosavi, Abhijit  |e author  |9 482525 
245 1 0 |a Simulation-based optimization: parametric optimization techniques and reinforcement learning 
300 |a 554 p 
942 |c BK 
945 |d 20040227 00:00:00  |a cmena 
260 |a Norwell  |b Kluwer Academic  |c 2003 
650 0 |a Simulación por computador  |9 260988 
650 0 |a Optimización  |9 339671 
650 0 |a Estadística matemática  |9 260028 
583 |a last modification  |c 20040227 00:00:00  |k Rodrigo Vera 
490 0 |a Operations Research, Computer Science, Interfaces Series 
999 |c 307606  |d 307604 
952 |0 0  |1 0  |4 0  |6 003_300000000000000_GOS_2003  |7 0  |8 A  |9 373645  |a BIBING  |b BIBING  |d 2019-11-21  |i 3984583  |o 003.3 GOS 2003  |p 3984583  |r 2024-01-25  |w 2019-11-21  |y BK  |k EII